Color the Historical Flags #4 - Statistics

General Stats
  • This quiz has been taken 260 times
  • The average score is 5 of 6
Answers on the Map
Answers color-coded by a green-red scale on the quiz's map according to % correct below.
 
Answer Stats
Answer % Correct
White
84%
Red
82%
Yellow/Gold
80%
Green
74%
Blue
70%
Black
64%
No matching quizzes found
Score Distribution
Percent of People with Each Score
Percentile by Number Answered
Your Score History
You have not taken this quiz